000 01045nam0a22002411 4500
001 rc\199045
005 20030307113927.0
035 _a(NLR Aleph) 005452795
090 _a4875302
_c4875302
100 _a20030307d1995 u |0rusy50 ca
101 0 _arus
102 _aRU
105 _ay |||||||||
200 1 _aСпециализированная породная группа карпа "Черепеть"
_e(Крат. характеристика)
_fГос. НИИ озер. и реч. рыб. хоз-ва, Федерал. селекц.-генетич. центр рыбоводства
_g[Сост. А.С. Зонова, В.Б. Мурашкин]
210 _aСПб.
_cФСГЦР
_d1995
215 _a16 с.
_d20
702 1 _aЗонова
_bА. С.
_gАлександра Семеновна
_4220
712 0 2 _aНИИ озерного и речного рыбного хозяйства
_cПетербург
_3RU\NLR\AUTH\883915
801 0 _aRU
_bNLR
_gpsbo
801 1 _aRU
_bELAR
_2rusmarc
852 _aNLR
_j95-4/11894
942 _cBOOK
980 _aNB